000 00776nam a2200289Ia 4500
005 20260324140211.0
008 008 260324s9999 xx 000 0 eng d
020 _a9781315702599
037 _aEBOOK
040 _aCRL
040 _beng
040 _cCRL
041 _2eng
041 _aeng
084 _qCRL
100 _aStuart Schram; Zedong Mao
_91190638
245 0 _aMao's Road to Power: Revolutionary Writings, 1912-49: v. 5: Toward the Second United Front, January 1935-July 1937
245 0 _bRevolutionary Writings, 1912-49
260 _bTaylor and Francis
260 _c1999
365 _a
365 _b255
856 _uhttp://www.taylorfrancis.com/books/9781315702599
942 _cEBOOK
999 _c1805312
_d1805312